| 000 | 01436nam a2200337 n 4500 | ||
|---|---|---|---|
| 003 | EG-GICUC | ||
| 005 | 20260121101502.0 | ||
| 008 | 251214s1959 it o|||fry|| 000| |fre|d | ||
| 040 |
_aEG-GiCUC _bfre _cEG-GiCUC _dEG-GiCUC _eRda |
||
| 041 |
_aeng _afre |
||
| 082 | 0 | 4 |
_221 _a341.8 _bUN |
| 092 | 0 | 4 | _221 |
| 099 | _aLaw1 REF 12 341.8 UN 1959 | ||
| 245 | 0 | 2 |
_aL'Unification du droit : _b(Annuaire 1958) Aperçu général des travaux pour l'unification du droit privé (Projets et Conventions) \ _cInstitut international pour l'unification du droit privé. |
| 246 | 1 |
_a= Unification of law : _b(Year-Book 1958) A general survey of work for the unification of private law (Drafts and Conventions) \ International Institute for the Unification of Private Law. |
|
| 264 | 1 |
_aRome : _bEditions "Unidroit", _c1959. |
|
| 300 |
_a279 page : _bPhotograph ; _c24 cm. |
||
| 336 |
_2rda contenu _a texte |
||
| 337 |
_2rda medias _aOrdinateur |
||
| 338 |
_2 transporteur rda _a Ressource en ligne |
||
| 500 | _aTitle varies slightly. | ||
| 504 | _aBibliographic references | ||
| 546 | _aTexte parallèle en anglais et en français | ||
| 650 |
_aDroit international privé _2qrmak |
||
| 650 |
_aPrivate international law _2qrmak |
||
| 651 | 1 | _2qrmak | |
| 710 | 2 | _aInternational Institute for the Unification of Private Law. | |
| 856 | 4 | 0 | _uhttps://fll.law.cu.edu.eg/fulltext/bks/B12-01590.pdf |
| 905 | _a75 | ||
| 942 |
_2ddc _cREF _e21 _n0 |
||
| 999 |
_c50400 _d50400 |
||